Diálogo de las cosas ocurridas en Roma

שמור ב:
מידע ביבליוגרפי
מחבר ראשי: Valdés, Alfonso de
פורמט: ספר
שפה:Undetermined
יצא לאור: Madrid, España Espasa-Calpe 1969
נושאים:
תגים: הוספת תג
אין תגיות, היה/י הראשונ/ה לתייג את הרשומה!

MARC

LEADER 00000nam a2200000Ia 4500
008 170316s9999 xx 000 0 und d
999 |c 25968  |d 25968 
040 |a cru BVZT 
090 |a 862 V-2d 
100 |a Valdés, Alfonso de 
245 |a Diálogo de las cosas ocurridas en Roma  |c Alfonso de Valdés 
260 |a Madrid, España  |b Espasa-Calpe  |c 1969 
300 |a 164 páginas 
650 |a LITERATURA ESPAÑOLA  |9 23 
942 |c 15 D  |h 862 V-2d  |2 z